Idea transfer (Record no. 9378)
[ view plain ]
| 000 -LEADER | |
|---|---|
| fixed length control field | 00278nam a22001337a 4500 |
| 003 - CONTROL NUMBER IDENTIFIER | |
| control field | OSt |
| 005 - DATE AND TIME OF LATEST TRANSACTION | |
| control field | 20210112174122.0 |
| 008 - FIXED-LENGTH DATA ELEMENTS--GENERAL INFORMATION | |
| fixed length control field | 210112b ||||| |||| 00| 0 eng d |
| 040 ## - CATALOGING SOURCE | |
| Transcribing agency | DDC |
| 082 ## - DEWEY DECIMAL CLASSIFICATION NUMBER | |
| Edition number | 658.45 |
| 100 ## - MAIN ENTRY--PERSONAL NAME | |
| Personal name | Boal, Alan W. |
| 245 ## - TITLE STATEMENT | |
| Title | Idea transfer |
| 942 ## - ADDED ENTRY ELEMENTS (KOHA) | |
| Source of classification or shelving scheme | Dewey Decimal Classification |
| Koha item type | Books |
| Withdrawn status | Lost status | Source of classification or shelving scheme | Damaged status | Not for loan | Collection code | Home library | Current library | Shelving location | Date acquired | Total Checkouts | Full call number | Barcode | Date last seen | Copy number | Price effective from | Koha item type |
|---|---|---|---|---|---|---|---|---|---|---|---|---|---|---|---|---|
| Dewey Decimal Classification | Non-fiction | Harvest Mission College | Harvest Mission College | General Stacks | 19.01.2021 | 658.452 B662I | 010692 | 19.01.2021 | 1 | 19.01.2021 | Books | |||||
| Dewey Decimal Classification | Non-fiction | Harvest Mission College | Harvest Mission College | General Stacks | 29.01.2021 | 658.452 B662I | 010911 | 29.01.2021 | 29.01.2021 | Books |
